| 000 | 01015nam a22002777a 4500 | ||
|---|---|---|---|
| 003 | dpl | ||
| 005 | 20180702120448.0 | ||
| 008 | 180702b xxu||||| |||| 00| 0 eng d | ||
| 010 | _aB-117390 | ||
| 020 |
_c225.00 _a8171198724 |
||
| 035 | _aB-117390, B-117400 | ||
| 037 | _bCen Lib/Ret | ||
| 040 |
_aDPL _bHN _c0 |
||
| 082 |
_aउ _bसंजीव |
||
| 100 |
_aसंजीव _96954 |
||
| 245 |
_aसर्कस / _cसंजीव |
||
| 246 |
_aCircus / _bby Sanjeev |
||
| 260 |
_aदिल्ली _bराधाकृष्ण प्रकाशन _c1984 |
||
| 270 |
_aजी-17, जगतपुरी _bदिल्ली _e110051 |
||
| 300 |
_aix,203पृ. _c21सेमी (सजिल्द) |
||
| 650 |
_a हिन्दी साहित्य _960595 |
||
| 650 |
_a हिन्दी साहित्य -- उपन्यास _946379 |
||
| 650 |
_aHindi literature _960596 |
||
| 650 |
_aHindi literature -- Fiction _960597 |
||
| 942 |
_2ddc _cHN _hउ _mसंजीव |
||
| 999 |
_c115252 _d115252 |
||